Housing Corporation (Delegation) etc. Act 2006 (Record no. 105730)

MARC details
000 -LEADER
fixed length control field 00828cam a2200217 4500
001 - CONTROL NUMBER
control field ##L134562
008 - FIXED-LENGTH DATA ELEMENTS--GENERAL INFORMATION
fixed length control field 060816n2006 000 0 eng u
020 ## - INTERNATIONAL STANDARD BOOK NUMBER
International Standard Book Number 0105427063
035 ## - SYSTEM CONTROL NUMBER
System control number (Sirsi) u134562
041 0# - LANGUAGE CODE
Language code of text/sound track or separate title eng
050 04 - LIBRARY OF CONGRESS CALL NUMBER
Classification number 306.1 $2 18
245 00 - TITLE STATEMENT
Title Housing Corporation (Delegation) etc. Act 2006
260 ## - PUBLICATION, DISTRIBUTION, ETC.
Place of publication, distribution, etc. London
Name of publisher, distributor, etc. TSO
Date of publication, distribution, etc. 2006
520 ## - SUMMARY, ETC.
Summary, etc. Received Royal Assent on 19 July 2006. Makes provision about the delegation of functions by the Housing Corporation and Housing for Wales. The Act extends to England, Wales and Scotland.
590 ## - LOCAL NOTE (RLIN)
Local note IKA220806
650 24 - SUBJECT ADDED ENTRY--TOPICAL TERM
Topical term or geographic name entry element HOUSING CORPORATION (DELEGATION) ETC ACT 2006
651 #4 - SUBJECT ADDED ENTRY--GEOGRAPHIC NAME
Geographic name GREAT BRITAIN
690 ## - LOCAL SUBJECT ADDED ENTRY--TOPICAL TERM (OCLC, RLIN)
Topical term or geographic name as entry element Residential property
9 (RLIN) 6266
856 40 - ELECTRONIC LOCATION AND ACCESS
Uniform Resource Identifier <a href="https://www.opsi.gov.uk/acts/acts2006a.htm">https://www.opsi.gov.uk/acts/acts2006a.htm</a>
Public note View the Act free of charge at www.opsi.gov.uk...
942 ## - ADDED ENTRY ELEMENTS (KOHA)
Suppress in OPAC 0
Holdings
Withdrawn status Lost status Source of classification or shelving scheme Damaged status Not for loan Home library Current library Shelving location Date acquired Total Checkouts Full call number Barcode Date last seen Copy number Price effective from Koha item type
    Dewey Decimal Classification     Virtual Virtual Online 16/08/2006   ONLINE PUBLICATION 134562-2001 06/08/2019 1 06/08/2019 Book